| Поле | Инд. | ПП | Название | Значение |
|---|---|---|---|---|
| Тип записи | a | |||
| Библиографический уровень | m | |||
| 001 | Контрольный номер | RU/IS/BASE/319820915 | ||
| 005 | Дата корректировки | 20160111142326.5 | ||
| 040 | a | Служба первич. каталог. | НБ ТвГУ | |
| b | Код языка каталог. | rus | ||
| e | Правила каталог. | PSBO | ||
| 041 | 0_ | a | Код языка текста | rus |
| 080 | a | Индекс УДК | 398.87(=161.1) | |
| 084 | a | Индекс другой классификации/Индекс ББК | Ш3(2=411.2)-613 | |
| 090 | a | Полочн. индекс | 891.7-91 | |
| x | Авторский знак | К 43 | ||
| 100 | 1_ | a | Автор | Киреевский Петр Васильевич |
| d | Дата | 1808-1856 | ||
| 245 | 10 | a | Заглавие | Песни собранные П. В. Киреевским |
| c | Ответственность | Изд. О-вом любителей рос. словесности | ||
| n | Номер части/ раздела | [Ч. , вып. 6] | ||
| p | Название части/ раздела | Песни былевые, исторические: Москва. Грозный царь Иван Васильевич | ||
| 260 | a | Место издания | Москва | |
| b | Издательство | типография Лазаревского Института восточных языков | ||
| c | Дата издания | 1864 | ||
| 300 | a | Объем | [4], 212 с. | |
| 561 | 1_ | a | История (примечание) | Из коллекции Тверского учительского института |
| 650 | 04 | a | Основная рубрика | Русский фольклор |
| x | Основная подрубрика | Песни исторические народные | ||
| 650 | 14 | a | Основная рубрика | Русские песни исторические народные |
| 650 | 14 | a | Основная рубрика | Фольклор |
| z | Географическая подрубрика | Россия | ||
| 653 | 0_ | a | Ключевые слова | Исторические песни |
| a | Ключевые слова | Народные исторические песни | ||
| a | Ключевые слова | Песни | ||
| a | Ключевые слова | Русские народные исторические песни | ||
| a | Ключевые слова | Русский фольклор | ||
| a | Ключевые слова | Фольклор | ||
| 700 | 12 | a | Другие авторы | Бессонов Петр Алексеевич |
| e | Роль лиц | ред., доп. | ||
| 852 | 41 | x | Примечание, не предназначенное для пользователя | Твер. учит. ин-т |
| 920 | a | Оператор | Густ | |
| 952 | c | Вид литературы | К рн | |
| 954 | a | Дата поступления на обработку | 20100225 |